<?xml version="1.0" encoding="UTF-8"?>
<marc:record xmlns:marc="http://www.loc.gov/MARC21/slim">
   <marc:leader>00000nam a2200000 a 4500</marc:leader>
   <marc:datafield ind1="1" ind2=" " tag="100">
      <marc:subfield code="a">Ruchalla, Elke</marc:subfield>
      <marc:subfield code="4">aut</marc:subfield>
      <marc:subfield code="e">Verfasser/-in</marc:subfield>
   </marc:datafield>
   <marc:datafield ind1="0" ind2="0" tag="245">
      <marc:subfield code="a">Biologie für Jedermann</marc:subfield>
   </marc:datafield>
   <marc:datafield ind1=" " ind2="1" tag="264">
      <marc:subfield code="b">Compact Verl.</marc:subfield>
   </marc:datafield>
   <marc:datafield ind1="1" ind2=" " tag="520">
      <marc:subfield code="a">Zum Buch: Biologie für jedermann:
Gehen Sie auf eine unterhaltsame Reise durch die spannende Welt der Biologie! Abstrakte Vorgänge aus Anatomie, Genetik, Mikrobiologie bis hin zur Ökologie werden durch Beispiele aus dem täglichen Leben anschaulich erklärt und für jeden nachvollziehbar.

So einfach war Biologie noch nie:
alle wichtigen Teilbereiche der Biologie leicht verständlich aufbereitet
abstrakte Regeln erhalten einen Bezug zum täglichen Leben
zahlreiche Abbildungen, Schaubilder und Regelkästen verschaffen einen schnellen Überblick
das ausführliche Register für schnelles Nachschlagen</marc:subfield>
   </marc:datafield>
   <marc:datafield ind1="3" ind2=" " tag="024">
      <marc:subfield code="a">9783817486045</marc:subfield>
   </marc:datafield>
</marc:record>
